000 00440nam a22001457a 4500
008 150325b xxu||||| |||| 00| 0 eng d
020 _a9781568544137
050 _aBT375.2.Z32
100 _aZannoni, Arthur E
_916539
245 _aTell me your story:
_bthe parables of jesus
_c/ Arthur E. Zannoni
260 _aChicago
_bLiturgy
_c1989
300 _axi,164p. ;
_c26cm.
650 _aJesus Christ
_xParables
_916540
942 _2lcc
_cMONOGRAPH
999 _c122490
_d122490